000 00412nam a2200181Ia 4500
001 18971
005 20260306171709.0
008 260306s9999||||xx |||||||||||||| ||und||
041 _aESP
082 _a658.575
_bR73
100 _aRodgers, Paul
_eAUT
245 0 _aDiseño de producto
260 _c2011
300 _a240 páginas :
_c25 cm.
650 _aGEN
654 _aCAN
942 _cLIB
_dJUS
_fJUS
_2ddc
_n
999 _c18971
_d18971